| 000 | 00891nam a2200181Ia 4500 | ||
|---|---|---|---|
| 008 | 100921s9999 xx 000 0 und d | ||
| 082 |
_b10469 _a806 थ 72 |
||
| 100 | _aकुलकर्णी भीमराव.संपा. | ||
| 245 | _aमराठी साहित्य संमेलने-अध्यक्षीय भाषणे. | ||
| 260 |
_bमहाराष्ट्र साहित्य परिषद,पुणे. _c1972 |
||
| 300 |
_a80 _b--- |
||
| 365 | _b3 | ||
| 520 | _aललित-संघटना,संमेलने. | ||
| 630 | _aमराठी साहित्य संमेलने-अध्यक्षीय भाषणे. | ||
| 650 | _aललित-संघटना,संमेलने. | ||
| 730 | _aमराठी साहित्य संमेलने-अध्यक्षीय भाषणे. | ||
| 942 | _cBOOK | ||
| 999 |
_c759582 _d759579 |
||